Future Proché et Futur Simple (French Future Tenses) - Statistics

General Stats
  • This quiz has been taken 22 times
  • The average score is 5 of 14
Answer Stats
English French % Correct
I am going to finish Je vais finir
76%
He is going to eat Il va manger
71%
I will be Je serai
59%
I will go J'irai
53%
He will listen Il écoutera
47%
She is going to buy Elle va acheter
41%
He will watch Il regardera
41%
I am going to do Je vais faire
24%
You (Plural) are going to write Vous allez écrire
24%
They will return Ils reviendront
12%
I will study Je étudierai
12%
We will play Nous joueons
12%
I will arrive Je arriverai
6%
You are going to read Tu vas lis
0%
No matching quizzes found
Score Distribution
Percent of People with Each Score
Percentile by Number Answered
Your Score History
You have not taken this quiz